Dash is fab! / (Record no. 49565)
| 000 -LEADER | |
|---|---|
| fixed length control field | 00321nam a2200121 4500 |
| 020 ## - INTERNATIONAL STANDARD BOOK NUMBER | |
| International Standard Book Number | 9780723275428 |
| 100 ## - MAIN ENTRY--PERSONAL NAME | |
| Personal name | Baker, Catherine |
| 9 (RLIN) | 86602 |
| 245 ## - TITLE STATEMENT | |
| Title | Dash is fab! / |
| Statement of responsibility, etc | Catherine Baker & Ian Cunliffe |
| 260 ## - PUBLICATION, DISTRIBUTION, ETC. (IMPRINT) | |
| Place of publication, distribution, etc | UK |
| Name of publisher, distributor, etc | Penguin |
| Date of publication, distribution, etc | 2014 |
| 300 ## - PHYSICAL DESCRIPTION | |
| Extent | 31 p. |
| Other physical details | col. ill. |
| Dimensions | 23 cm. |
| 490 ## - SERIES STATEMENT | |
| Series statement | Ladybird Books |
| 942 ## - ADDED ENTRY ELEMENTS (KOHA) | |
| Source of classification or shelving scheme | |
| Koha item type | Book |
| Withdrawn status | Lost status | Source of classification or shelving scheme | Damaged status | Not for loan | Home library | Current library | Shelving location | Date acquired | Total Checkouts | Full call number | Barcode | Checked out | Date last seen | Date checked out | Price effective from | Koha item type |
|---|---|---|---|---|---|---|---|---|---|---|---|---|---|---|---|---|
| Asian Hope Early Years Library | Asian Hope Early Years Library | Easy Reading | 09/11/2025 | 4 | X BAK | 211403 | 04/08/2026 | 04/08/2026 | 04/08/2026 | 09/11/2025 | Book |